Wybierz gminy graniczące z gminą Czerwionka-Leszczyny - Statystyki

Ogólne statystyki
  • Ten quiz został rozwiązany 9 razy
  • Średni wynik to 10 z 12
Statystyki odpowiedzi
Zagadnienie Komórka Select % Poprawnych
gminy graniczące z gminą Czerwionka-Leszczyny Knurów Tak
100%
gminy graniczące z gminą Czerwionka-Leszczyny Orzesze Tak
100%
gminy graniczące z gminą Czerwionka-Leszczyny Łaziska Górne Nie
86%
gminy graniczące z gminą Czerwionka-Leszczyny Ornontowice Tak
86%
gminy graniczące z gminą Czerwionka-Leszczyny Radlin Nie
86%
gminy graniczące z gminą Czerwionka-Leszczyny Rudy Nie
86%
gminy graniczące z gminą Czerwionka-Leszczyny Rybnik Tak
86%
gminy graniczące z gminą Czerwionka-Leszczyny Świerklany Nie
86%
gminy graniczące z gminą Czerwionka-Leszczyny Żory Tak
86%
gminy graniczące z gminą Czerwionka-Leszczyny Gierałtowice Tak
57%
gminy graniczące z gminą Czerwionka-Leszczyny Suszec Nie
57%
gminy graniczące z gminą Czerwionka-Leszczyny Pilchowice Tak
43%
Nie znaleziono quizów pasujących do podanych kryteriów
Rozkład punktacji
Procent ludzi z każdym wynikiem
Percentyl według liczby udzielonych odpowiedzi
Twoja historia wyników
Nie rozwiązałeś tego quizu